[Event "Schleswig Holstein-ch Seniors op"]
[Site "Buesum"]
[Date "2014.10.01"]
[Round "7"]
[White "Hagermann, Hermann"]
[Black "Zoll, Detlef"]
[Result "0-1"]
[WhiteElo "1967"]
[BlackElo "1850"]
[PlyCount "82"]
[EventDate "2014.09.25"]
[EventType "swiss"]
[EventRounds "9"]
[EventCountry "GER"]
[SourceTitle "EXT 2018"]
[Source "ChessBase"]
[SourceDate "2017.10.13"]
[SourceVersion "1"]
[SourceVersionDate "2017.10.13"]
[SourceQuality "1"]

1. e4 e6 2. d4 d5 3. e5 c5 4. c3 Nc6 5. Nf3 Qb6 6. a3 Nh6 7. Bd3 Bd7 8. Bc2 Rc8 9. 0-0 cxd4 10. cxd4 Nf5 11. Bxf5 exf5 12. Nc3 Be6 13. Na4 Qc7 14. b4 h6 15. h4 Be7 16. Bf4 b6 17. Rc1 Qd8 18. Qd2 a5 19. bxa5 Nxa5 20. Rxc8 Bxc8 21. Ra1 Nc4 22. Qc1 Be6 23. Nc3 Bxh4 24. Nb5 Be7 25. Bd2 g5 26. Bb4 Qd7 27. Bxe7 Kxe7 28. a4 f4 29. Nd2 Nxd2 30. Qxd2 Kf8 31. Rc1 Kg7 32. Rc7 Qd8 33. Qc2 Re8 34. Qc6 Re7 35. Qxb6 g4 36. a5 g3 37. Qb7 Rxc7 38. Qxc7 Qh4 39. Qc3 Qh2+ 40. Kf1 Qh1+ 41. Ke2 Bg4+ 0-1

[Event "GER-ch Seniors"]
[Site "Dresden"]
[Date "2012.08.13"]
[Round "5"]
[White "Hagermann, Hermann"]
[Black "Heni, Norbert"]
[Result "1/2-1/2"]
[WhiteElo "2001"]
[BlackElo "1779"]
[PlyCount "48"]
[EventDate "2012.08.09"]
[EventType "swiss"]
[EventRounds "9"]
[EventCountry "GER"]
[SourceTitle "EXT 2014"]
[Source "ChessBase"]
[SourceDate "2013.11.20"]
[SourceVersion "1"]
[SourceVersionDate "2013.11.20"]
[SourceQuality "1"]

1. e4 c5 2. c3 Nf6 3. e5 Nd5 4. Bc4 Nc7 5. Nf3 d5 6. exd6 exd6 7. 0-0 Be7 8. d4 d5 9. Bb3 0-0 10. dxc5 Bxc5 11. Bg5 f6 12. Bf4 Nba6 13. Qd3 Be6 14. Nbd2 Bd6 15. Bxd6 Qxd6 16. Bc2 g6 17. Ne4 Qf4 18. Qd2 Qxd2 19. Nexd2 Nc5 20. Rfe1 Rfe8 21. Nd4 Bf7 22. N2b3 Ne4 23. Bd3 Nd6 24. Na5 Re5 1/2-1/2

[Event "GER-ch Seniors"]
[Site "Dresden"]
[Date "2012.08.12"]
[Round "4"]
[White "Hagermann, Hermann"]
[Black "Essegern, Kurt"]
[Result "0-1"]
[WhiteElo "2001"]
[BlackElo "2145"]
[PlyCount "132"]
[EventDate "2012.08.09"]
[EventType "swiss"]
[EventRounds "9"]
[EventCountry "GER"]
[SourceTitle "EXT 2014"]
[Source "ChessBase"]
[SourceDate "2013.11.20"]
[SourceVersion "1"]
[SourceVersionDate "2013.11.20"]
[SourceQuality "1"]

1. e4 c5 2. c3 Nf6 3. e5 Nd5 4. Bc4 Nb6 5. Bb3 c4 6. Bc2 Nc6 7. Nf3 g6 8. 0-0 Bg7 9. Re1 d6 10. exd6 Qxd6 11. Qe2 Be6 12. Na3 0-0 13. b3 Nb4 14. bxc4 Nxc4 15. d4 Nxc2 16. Nxc4 Bxc4 17. Qxc2 Rfe8 18. a4 e6 19. Ne5 Rac8 20. Bf4 Qd5 21. Qd2 f6 22. Nf3 Qa5 23. Qe3 Bd5 24. Rec1 Rc4 25. Qe1 Rxa4 26. Rxa4 Qxa4 27. Ra1 Qc6 28. Rxa7 Bxf3 29. gxf3 Qxf3 30. Bd6 Bf8 31. Bxf8 Kxf8 32. Qb1 Re7 33. Qb4 Kf7 34. Qd6 Qxc3 35. Qb8 g5 36. Ra8 Kg6 37. Qf8 Rc7 38. Ra3 Rc8 39. Qe7 Qc1+ 40. Kg2 Qc6+ 41. Rf3 f5 42. h4 h6 43. hxg5 hxg5 44. Kg3 Qc7+ 45. Qxc7 Rxc7 46. Rb3 Rd7 47. Rb4 Kf6 48. Kf3 Ke7 49. Ke3 Kd6 50. Rb6+ Ke7 51. Rb5 Kf6 52. Rb6 g4 53. Kd3 Re7 54. d5 Ke5 55. dxe6 Rxe6 56. Rxb7 Kf4 57. Rb5 Re5 58. Rb3 Kg5 59. Rb4 f4 60. Rb1 f3 61. Rf1 Re2 62. Kd4 Kf4 63. Kd3 Ra2 64. Kc4 Rxf2 65. Rxf2 g3 66. Rd2 f2 0-1

[Event "Recklinghaeuser op"]
[Site "Recklinghausen"]
[Date "2011.08.21"]
[Round "7"]
[White "Hagermann, Hermann"]
[Black "Oberste, Norbert"]
[Result "0-1"]
[WhiteElo "1990"]
[BlackElo "1865"]
[PlyCount "92"]
[EventDate "2011.08.15"]
[EventType "swiss"]
[EventRounds "7"]
[EventCountry "GER"]
[SourceTitle "CBM 144 Extra"]
[Source "ChessBase"]
[SourceDate "2011.10.28"]
[SourceVersion "1"]
[SourceVersionDate "2011.10.28"]
[SourceQuality "1"]

1. e4 e6 2. d4 d5 3. e5 c5 4. c3 Qb6 5. Nf3 Bd7 6. a3 a5 7. Be2 Nc6 8. dxc5 Bxc5 9. 0-0 Nge7 10. Bd3 Ng6 11. Bxg6 hxg6 12. Nbd2 Qc7 13. Nb3 Be7 14. Re1 f6 15. Bf4 f5 16. Bg3 g5 17. h3 Kf7 18. Nbd4 Qb6 19. Qe2 Nxd4 20. Nxd4 g6 21. f3 Qa6 22. Qd2 Rh5 23. Rac1 b5 24. Bf2 Rah8 25. Qe2 a4 26. Rcd1 Qb7 27. Nc2 Qc8 28. Bd4 Qc4 29. Qf2 Ke8 30. Ne3 Qc8 31. Qe2 Kf7 32. Nc2 Qf8 33. Qf2 Ke8 34. Ne3 g4 35. fxg4 Rh4 36. Rf1 Bg5 37. gxf5 gxf5 38. Qg3 Qg8 39. Nxd5 exd5 40. e6 f4 41. exd7+ Kxd7 42. Qf3 R8h6 43. Bf2 Rxh3 44. Qxd5+ Qxd5 45. Rxd5+ Ke6 46. Rxg5 Rh1# 0-1

[Event "Ruhrgebiet-ch Seniors 18th"]
[Site "Essen"]
[Date "2011.04.13"]
[Round "9"]
[White "Hagermann, Hermann"]
[Black "Wilbert, Siegfried"]
[Result "0-1"]
[WhiteElo "1753"]
[BlackElo "1919"]
[PlyCount "64"]
[EventDate "2011.03.28"]
[EventType "swiss"]
[EventRounds "9"]
[EventCountry "GER"]
[SourceTitle "EXT 2012"]
[Source "ChessBase"]
[SourceDate "2011.11.24"]
[SourceVersion "1"]
[SourceVersionDate "2011.11.24"]
[SourceQuality "1"]

1. e4 c5 2. c3 Nc6 3. Nf3 d5 4. exd5 Qxd5 5. Na3 Bg4 6. Be2 Nf6 7. Nb5 Qd7 8. d4 a6 9. Qa4 e6 10. Bf4 Rc8 11. Na3 cxd4 12. Rd1 Nd5 13. Nxd4 Bxe2 14. Nxe2 Be7 15. 0-0 Rd8 16. Bg3 Qc8 17. Qg4 0-0 18. Nc2 f5 19. Qh3 Rf6 20. Bf4 e5 21. Bg5 Rfd6 22. Qh4 Rh6 23. Qc4 b5 24. Qb3 Na5 25. Bxe7 Nxb3 26. Bxd8 Qxd8 27. axb3 Rd6 28. Ng3 g6 29. Rfe1 Qf6 30. Rd3 e4 31. Rd2 Nf4 32. Nd4 Qg5 0-1

[Event "GER-ch Seniors 22nd"]
[Site "Berlin"]
[Date "2010.08.24"]
[Round "9"]
[White "Hagermann, Hermann"]
[Black "Schwertel, Johann"]
[Result "1-0"]
[WhiteElo "1738"]
[BlackElo "1903"]
[PlyCount "79"]
[EventDate "2010.08.16"]
[EventType "swiss"]
[EventRounds "9"]
[EventCountry "GER"]
[SourceTitle "CBM 138 Extra"]
[Source "ChessBase"]
[SourceDate "2010.10.29"]
[SourceVersion "1"]
[SourceVersionDate "2010.10.29"]
[SourceQuality "1"]

1. e4 c6 2. Nf3 d5 3. exd5 cxd5 4. Ne5 Nc6 5. d4 e6 6. Bb5 Qb6 7. c4 dxc4 8. Qa4 Nge7 9. Be3 a6 10. Nc3 Qc7 11. Bf4 Qb6 12. Nxc4 Qa7 13. Nd6+ Kd7 14. Bxc6+ Nxc6 15. Nxf7 Rg8 16. 0-0 b5 17. Qc2 g6 18. d5 Nd4 19. dxe6+ Nxe6 20. Rad1+ Ke7 21. Ne5 Ke8 22. Rfe1 Qc5 23. Qe4 Rb8 24. Nc6 Rb6 25. Rd8+ Kf7 26. Rxc8 Qf5 27. Nd8+ Nxd8 28. Qe8+ Kg7 29. Be5+ Kh6 30. Qxd8 Kh5 31. h3 Qxf2+ 32. Kxf2 Bc5+ 33. Kf3 Rxd8 34. Rxd8 g5 35. Rd7 Kg6 36. Nd5 Rc6 37. g4 Bf8 38. Ne7+ Bxe7 39. Rxe7 h5 40. Rd1 1-0

[Event "GER-ch Seniors 22nd"]
[Site "Berlin"]
[Date "2010.08.19"]
[Round "4"]
[White "Hagermann, Hermann"]
[Black "Rychlik, Kurt"]
[Result "0-1"]
[WhiteElo "1738"]
[BlackElo "1905"]
[PlyCount "38"]
[EventDate "2010.08.16"]
[EventType "swiss"]
[EventRounds "9"]
[EventCountry "GER"]
[SourceTitle "CBM 138 Extra"]
[Source "ChessBase"]
[SourceDate "2010.10.29"]
[SourceVersion "1"]
[SourceVersionDate "2010.10.29"]
[SourceQuality "1"]

1. e4 c5 2. c3 d5 3. exd5 Qxd5 4. d4 Nc6 5. Nf3 Nf6 6. Na3 e6 7. Nb5 Bd6 8. c4 Qe4+ 9. Be2 Bb8 10. dxc5 0-0 11. Bg5 Qf5 12. Rc1 Qxc5 13. Bxf6 gxf6 14. 0-0 a6 15. Nc3 f5 16. Na4 Qa5 17. b4 Rd8 18. Qb3 Qc7 19. Nb6 Nd4 0-1

[Event "Niedersachsen-ch Seniors op 13th"]
[Site "Bad Bevensen"]
[Date "2010.07.14"]
[Round "9"]
[White "Buck, Klaus Michael"]
[Black "Hagermann, Hermann"]
[Result "0-1"]
[WhiteElo "1600"]
[BlackElo "1738"]
[PlyCount "90"]
[EventDate "2010.07.06"]
[EventType "swiss"]
[EventRounds "9"]
[EventCountry "GER"]
[SourceTitle "EXT 2012"]
[Source "ChessBase"]
[SourceDate "2011.11.24"]
[SourceVersion "1"]
[SourceVersionDate "2011.11.24"]
[SourceQuality "1"]

1. b4 a5 2. b5 Nf6 3. a4 b6 4. Nf3 Bb7 5. e3 d6 6. Bb2 e5 7. Be2 Be7 8. c4 0-0 9. 0-0 Nbd7 10. d4 e4 11. Nfd2 Re8 12. Nc3 Bf8 13. d5 Nc5 14. Nb3 Nxb3 15. Qxb3 Bc8 16. h3 Nd7 17. Nd1 Nc5 18. Qc3 Qg5 19. Kh2 Be7 20. f4 exf3 21. Rxf3 Bf6 22. Qc2 Be5+ 23. Kg1 g6 24. Bxe5 Rxe5 25. Bd3 Nxd3 26. Qxd3 Bf5 27. Qf1 Rf8 28. Qf2 h5 29. Ra3 Rfe8 30. h4 Qe7 31. Qg3 Bg4 32. Rf1 Re4 33. Rc3 Bxd1 34. Rxd1 Rxh4 35. Rf1 Rg4 36. Qf3 f5 37. Rfc1 Qf6 38. R3c2 Ree4 39. Kf2 Qh4+ 40. Kg1 Rg3 41. Qf2 Qg5 42. Rc3 h4 43. Kh2 Reg4 44. R3c2 h3 45. gxh3 Rxh3+ 0-1

[Event "Niedersachsen-ch Seniors op 13th"]
[Site "Bad Bevensen"]
[Date "2010.07.11"]
[Round "6"]
[White "Krotofil, Kurt"]
[Black "Hagermann, Hermann"]
[Result "1-0"]
[WhiteElo "1909"]
[BlackElo "1738"]
[PlyCount "29"]
[EventDate "2010.07.06"]
[EventType "swiss"]
[EventRounds "9"]
[EventCountry "GER"]
[SourceTitle "EXT 2012"]
[Source "ChessBase"]
[SourceDate "2011.11.24"]
[SourceVersion "1"]
[SourceVersionDate "2011.11.24"]
[SourceQuality "1"]

1. d4 Nf6 2. c4 e6 3. Nc3 c5 4. Nf3 cxd4 5. Nxd4 a6 6. e4 d6 7. Be2 Be7 8. 0-0 0-0 9. Be3 Nbd7 10. f4 b6 11. Nc6 Qe8 12. Bf3 e5 13. Nd5 Nxd5 14. Qxd5 Rb8 15. Nxb8 1-0

[Event "Recklinghausen op 16th"]
[Site "Recklinghausen"]
[Date "2006.10.09"]
[Round "1"]
[White "Hagermann, Hermann"]
[Black "Hilbig, Dieter"]
[Result "0-1"]
[WhiteElo "2084"]
[BlackElo "1837"]
[PlyCount "64"]
[EventDate "2006.10.07"]
[EventType "swiss"]
[EventRounds "7"]
[EventCountry "GER"]
[SourceTitle "CBM 114 Extra"]
[Source "ChessBase"]
[SourceDate "2006.11.03"]
[SourceVersion "1"]
[SourceVersionDate "2006.11.03"]
[SourceQuality "1"]

1. e4 c5 2. Nf3 Nc6 3. c3 Nf6 4. e5 Nd5 5. Bc4 e6 6. 0-0 Nb6 7. Bb3 d5 8. d4 Bd7 9. Bg5 Qc7 10. Nbd2 c4 11. Bc2 Ne7 12. Re1 h6 13. Be3 Nf5 14. Rc1 Be7 15. b3 0-0 16. bxc4 Nxe3 17. fxe3 Nxc4 18. Nxc4 Qxc4 19. Bb3 Qa6 20. c4 dxc4 21. Bxc4 b5 22. Bb3 Rac8 23. e4 Ba3 24. Rxc8 Rxc8 25. Qd2 Qb6 26. Kh1 a5 27. Qe3 b4 28. d5 Qxe3 29. Rxe3 a4 30. dxe6 fxe6 31. Bd1 Rc1 32. Rd3 b3 0-1

[Event "Recklinghausen op 15th"]
[Site "Recklinghausen"]
[Date "2005.08.06"]
[Round "6"]
[White "Straub, Natalia"]
[Black "Hagermann, Hermann"]
[Result "1-0"]
[WhiteElo "2300"]
[BlackElo "2133"]
[PlyCount "43"]
[EventDate "2005.08.01"]
[EventType "swiss"]
[EventRounds "7"]
[EventCountry "GER"]
[SourceTitle "CBM 107 Extra"]
[Source "ChessBase"]
[SourceDate "2005.09.01"]
[SourceVersion "1"]
[SourceVersionDate "2005.09.01"]
[SourceQuality "1"]

1. d4 d5 2. c4 Nc6 3. Nc3 dxc4 4. d5 Ne5 5. Bf4 Ng6 6. Bg3 e5 7. e4 Nf6 8. Nf3 Bd6 9. Nd2 0-0 10. Nxc4 Bb4 11. Bd3 Re8 12. 0-0 Bd7 13. Qb3 Qe7 14. Nxe5 Nxe5 15. Bxe5 Ng4 16. Bg3 h5 17. h3 h4 18. Bf4 g5 19. d6 Bxd6 20. Bxd6 Qxd6 21. hxg4 Bxg4 22. Bc4 1-0

[Event "Ruhrgebiet Regionalliga 0304"]
[Site "Ruhrgebiet"]
[Date "2003.10.05"]
[Round "1.8"]
[White "Mikulski, Georg"]
[Black "Hagermann, Hermann"]
[Result "1-0"]
[WhiteElo "2023"]
[BlackElo "1776"]
[PlyCount "93"]
[EventDate "2003.10.05"]
[EventType "team"]
[EventRounds "9"]
[EventCountry "GER"]
[SourceTitle "EXT 2007"]
[Source "ChessBase"]
[SourceDate "2006.11.23"]
[SourceVersion "1"]
[SourceVersionDate "2006.11.23"]
[SourceQuality "1"]
[WhiteTeam "Herne Sodingen"]
[BlackTeam "Erkenschwick"]
[WhiteTeamCountry "GER"]
[BlackTeamCountry "GER"]

1. e4 e5 2. Nf3 Nc6 3. Bb5 f5 4. d4 fxe4 5. Nxe5 Nf6 6. 0-0 Be7 7. Nc3 0-0 8. Bg5 Nxe5 9. dxe5 Ne8 10. Qd5+ Kh8 11. Bxe7 Qxe7 12. Qxe4 c6 13. Bd3 g6 14. Rad1 d5 15. exd6 Qxd6 16. Qh4 Rf4 17. Qg3 Qf8 18. Rfe1 Ng7 19. Re4 Rf6 20. Re2 Bf5 21. Bxf5 Nxf5 22. Qe5 Ng7 23. Qd4 c5 24. Qd7 Rf7 25. Qd6 Qxd6 26. Rxd6 Nf5 27. Rde6 Nd4 28. Re8+ Rf8 29. Rxf8+ Rxf8 30. Rd2 Rd8 31. Kf1 Re8 32. Ne2 Nc6 33. Rd7 Re7 34. Rxe7 Nxe7 35. Nf4 Kg8 36. Ke2 Kf7 37. Kd3 Nf5 38. Ke4 Ne7 39. Ke5 b6 40. Kd6 Nf5+ 41. Kc7 g5 42. Ne2 Nh4 43. Kb7 Nxg2 44. Kxa7 Ne1 45. Kxb6 Nf3 46. a4 Nxh2 47. a5 1-0

[Event "Pecs op"]
[Site "Pecs"]
[Date "1996.??.??"]
[Round "6"]
[White "Csiszar, Zoltan"]
[Black "Hagermann, Hermann"]
[Result "1-0"]
[WhiteElo "2230"]
[BlackElo "2225"]
[PlyCount "59"]
[EventDate "1996.??.??"]
[EventType "swiss"]
[EventRounds "9"]
[EventCountry "HUN"]
[SourceTitle "EXT 2004"]
[Source "ChessBase"]
[SourceDate "2003.11.25"]
[SourceVersion "1"]
[SourceVersionDate "2003.11.25"]
[SourceQuality "1"]

1. d4 g6 2. c4 Bg7 3. Nc3 d6 4. e4 Nd7 5. Nf3 e6 6. Be2 Ne7 7. Bg5 h6 8. Be3 0-0 9. Qd2 Kh7 10. 0-0 a6 11. b4 b6 12. Rab1 Bb7 13. d5 Ra7 14. Ne1 e5 15. Nd3 f5 16. f3 f4 17. Bf2 Bc8 18. a4 g5 19. a5 Bf6 20. c5 bxc5 21. bxc5 dxc5 22. Nxc5 Nxc5 23. Bxc5 Ra8 24. Rfd1 Rg8 25. d6 cxd6 26. Rb6 Rg6 27. Nd5 Ra7 28. Rxd6 Rd7 29. Nxf6+ Rxf6 30. Rxd7 1-0